[Event "BAN-chT Golden Jubilee 2021-22"]
[Site "Dhaka"]
[Date "2022.03.18"]
[Round "9.12"]
[White "Himanshu, Sharma"]
[Black "Mitrabha, Guha"]
[Result "1/2-1/2"]
[WhiteElo "2391"]
[BlackElo "2510"]
[Annotator "TA"]
[PlyCount "132"]
[EventDate "2022.03.10"]
[EventType "team-tourn"]
[EventCountry "BAN"]
[SourceTitle "playchess.com"]
[Source "ChessBase"]
[SourceQuality "1"]

{[%evp 22,132,65,49,62,0,45,0,95,68,73,75,80,79,86,68,70,81,73,87,76,41,193,181,181,170,309,302,306,200,180,-29,-31,-22,-28,-21,0,0,115,108,99,100,237,224,263,230,335,317,302,44,52,12,12,14,14,8,147,14,26,26,26,26,26,26,26,26,53,53,53,53,54,45,45,46,46,53,399,399,399,399,399,399,399,399,399,399,399,399,399,357,693,216,216,216,216,216,216,216,216,80,80,80,80,72,72,72,72,0,72,0,72,28,202]} 1. e4 c5 2. Nf3 Nc6 3. d4 cxd4 4. Nxd4 Nf6 5. Nc3 d6 6. Bg5 e6 7. Qd2 Be7 8. O-O-O a6 9. f4 Bd7 10. Nf3 b5 11. Bxf6 gxf6 12. Kb1 {White is more active.} Qb6 {B69: Sicilian: Richter-Rauzer: 7...a6 8 0-0-0 Bd7 9 f4 Be7 10 Nf3 b5 11 Bxf6.} 13. g3 (13. f5 $14) 13... Rc8 (13... b4 $11 14. Ne2 a5) 14. f5 (14. e5 $1 $14 {deserves consideration.}) 14... Na5 (14... Ne5 $11 {keeps the balance.} 15. Nxe5 fxe5) 15. fxe6 fxe6 16. e5 {[%cal Re5d6] [#]} d5 $146 {[#]} (16... Bc6 $2 17. exd6 $1 Bxf3 18. d7+ Kf7 19. dxc8=N Rxc8 20. Qd3 $1 {[%mdl 512]} Bxd1 21. Qxh7+ Ke8 22. Nxd1 $18) ({Predecessor:} 16... Bc6 17. exd6 Bxf3 18. d7+ Kf7 19. dxc8=Q Rxc8 20. Bd3 f5 21. Qh6 Qc5 22. Qxh7+ Kf6 23. Rde1 Bf8 24. Rhf1 b4 25. Rxf3 bxc3 26. Bxf5 {1-0 (26) Pikula,D (2568)-Bogosavljevic,B (2526) Banja Vrucica 2009}) 17. Ne4 $1 fxe5 18. Nxe5 {Pair of Knights!} Rf8 (18... Qc7 $2 19. Nxd7 Kxd7 20. Bh3 $18) 19. Nxd7 Kxd7 20. Bh3 $36 {[%cal Bf1h3,Bh3e6,Be6d7][%mdl 2080] White is really pushing.} Kc7 21. Bxe6 Nc4 $2 ({Black should play} 21... Qxe6 $14 22. Qxa5+ Kb8) 22. Qxd5 $18 Rcd8 23. Bd7 Bf6 (23... Kb8 $142 24. Rhe1 Qc7) 24. Nc5 Bxb2 25. a4 {[%cal Oa4a5]} Bc3 {...bxa4+ is the strong threat.} 26. Nxa6+ $2 {Chess con chili.} Qxa6 $15 27. Qc5+ $1 Kb8 {Threatens to win with ...Qxa4.} 28. Bxb5 {[#]} Rc8 $1 {Strongly threatening ...Qa5.} 29. Qxf8 $1 (29. Bxa6 Rxc5 30. Ka2 Nd2 $19) 29... Qxb5+ 30. axb5 $16 {White threatens Rd8 and mate.} Rxf8 31. Rd3 $1 Be5 (31... Na3+ $2 32. Ka2 Bb4 33. Rxa3 Bxa3 34. Kxa3 $18) (31... Ba5 $16) 32. Re1 $18 Kb7 33. Re4 Ra8 (33... Rc8 {was worth a try.} 34. Ka2 Kb6) 34. c3 ({Not} 34. Rd7+ Kc8 35. Rxe5 Kxd7 $15) 34... Ra4 35. Rh4 $2 ({Only move:} 35. Kc1 $1 $18) 35... Na3+ $14 36. Ka2 Rxh4 37. gxh4 Nxb5 38. c4 Nd6 (38... Nd4 $11) 39. Kb3 ({White has to play} 39. c5 $1 $16 {[%cal Rc5d6]} Nb5 40. Kb3) 39... Kc6 40. Rd5 Bf4 41. h3 h6 42. Kc3 Bg3 43. Rh5 Bf4 44. Kd3 Bc1 45. Ra5 Bb2 46. Ra2 Bf6 47. Ra6+ Kc5 48. Ra5+ Kb4 $2 {[%mdl 8192]} (48... Kc6 $1 $14) 49. Rh5 $1 $18 Bg7 50. c5 Nc4 51. Ke4 {Prevents Ne5.} Kb5 52. Kd5 Bf8 {[#]} 53. Ke6 $1 Kc6 54. Kf7 Bxc5 55. Rxh6+ Kd5 $2 (55... Kd7 56. Ra6 Ne5+ 57. Kg8 Be3) 56. h5 $2 (56. Ra6 Ne5+ 57. Kg7) 56... Nd6+ {[#]} 57. Kg6 $1 Ke6 58. Rh8 Nf5 59. h6 {And now h7 would win.} Ne7+ 60. Kh5 (60. Kg5 $18 Kf7 61. Kg4) 60... Kf7 $16 61. Rd8 {Hoping for h7.} Ng8 62. Rd7+ Ne7 63. Rc7 Bd6 64. Rd7 Bc5 $1 65. Rc7 Bd6 $1 66. Rc2 ({But not} 66. Rd7 $6 Bc5 $16) ({White should try} 66. Ra7 $16) 66... Be5 $2 {Weighted Error Value: White=0.37/Black=0.44} (66... Nd5 $1 $11 {and Black has nothing to worry.}) 1/2-1/2

[Event "BAN-chT Golden Jubilee 2021-22"]
[Site "Dhaka"]
[Date "2022.03.18"]
[Round "9.13"]
[White "Chowdhury, Sohel"]
[Black "Manon, Reja Neer"]
[Result "1-0"]
[WhiteElo "2046"]
[BlackElo "2209"]
[Annotator "ChessBase"]
[PlyCount "125"]
[EventDate "2022.03.10"]
[EventType "team-tourn"]
[EventCountry "BAN"]
[SourceTitle "playchess.com"]
[Source "ChessBase"]
[SourceQuality "1"]
[TimeControl "40/5400+30:1800+30"]

1. e4 {[%emt 0:00:57]} c5 {[%emt 0:00:13]} 2. Nc3 {[%emt 0:00:15]} Nc6 {[%emt 0:00:18]} 3. g3 {[%emt 0:00:15]} g6 {[%emt 0:00:06]} 4. Bg2 {[%emt 0:00:05]} Bg7 {[%emt 0:00:02]} 5. d3 {[%emt 0:00:14]} d6 {[%emt 0:00:06]} 6. Be3 {[%emt 0:02:21]} e6 {[%emt 0:00:31]} 7. Qd2 {[%emt 0:00:34]} Rb8 {[%emt 0:14:02]} 8. Nge2 {[%emt 0:01:51]} Nd4 {[%emt 0:01:36]} 9. O-O {[%emt 0:03:53]} Ne7 {[%emt 0:01:26]} 10. Nc1 {[%emt 0:04:36]} O-O {[%emt 0:05:26]} 11. Nd1 {[%emt 0:00:31]} f5 {[%emt 0:07:09]} 12. c3 {[%emt 0:01:34]} Ndc6 {[%emt 0:01:12]} 13. Bh6 {[%emt 0:00:18]} d5 {[%emt 0:16:49]} 14. Bxg7 {[%emt 0:02:18]} Kxg7 {[%emt 0:01:13]} 15. exd5 {[%emt 0:05:39]} exd5 {[%emt 0:01:20]} 16. d4 {[%emt 0:05:26]} cxd4 {[%emt 0:07:32]} 17. cxd4 {[%emt 0:00:03]} f4 {[%emt 0:00:52]} 18. Re1 {[%emt 0:22:25]} Qd6 {[%emt 0:06:55]} 19. Nb3 {[%emt 0:02:20]} b6 {[%emt 0:16:56]} 20. Nc3 {[%emt 0:02:37]} Ba6 {[%emt 0:01:15]} 21. Rad1 {[%emt 0:03:42]} Qd7 {[%emt 0:05:26]} 22. Nc1 {[%emt 0:08:51]} Rbe8 {[%emt 0:09:49]} 23. Nd3 {[%emt 0:01:39]} f3 {[%emt 0:00:52]} 24. Bh1 {[%emt 0:04:47]} Bxd3 {[%emt 0:00:48]} 25. Qxd3 {[%emt 0:00:11]} Nf5 {[%emt 0:00:33]} 26. Rxe8 {[%emt 0:01:21]} Qxe8 {[%emt 0:00:29]} 27. Bxf3 {[%emt 0:01:08]} Nfxd4 {[%emt 0:00:26]} 28. Bxd5 {[%emt 0:00:39]} Qe7 {[%emt 0:00:36]} 29. Bxc6 {[%emt 0:01:06]} Nxc6 {[%emt 0:00:01]} 30. Qd7 {[%emt 0:01:29]} Qxd7 {[%emt 0:00:01]} 31. Rxd7+ {[%emt 0:00:13]} Rf7 {[%emt 0:00:01]} 32. Rxf7+ {[%emt 0:01:38]} Kxf7 {[%emt 0:00:05]} 33. f4 {[%emt 0:00:56]} Ke6 {[%emt 0:00:46]} 34. Kf2 {[%emt 0:00:27]} Nd4 {[%emt 0:01:14]} 35. Ke3 {[%emt 0:00:58]} Nc6 {[%emt 0:00:52]} 36. Ke4 {[%emt 0:00:40]} Kd6 {[%emt 0:00:48]} 37. g4 {[%emt 0:00:43]} Ke6 {[%emt 0:00:22]} 38. f5+ {[%emt 0:02:59]} Kf6 {[%emt 0:00:37]} 39. Nd5+ {[%emt 0:00:51]} Kf7 {[%emt 0:00:16]} 40. b4 {[%emt 0:00:00]} Nd8 {[%emt 0:00:00]} 41. b5 {[%emt 0:04:30]} Nb7 {[%emt 0:01:47]} 42. Ke5 {[%emt 0:02:02]} h6 {[%emt 0:01:13]} 43. h4 {[%emt 0:02:21]} Nc5 {[%emt 0:01:20]} 44. fxg6+ {[%emt 0:01:09]} Kxg6 {[%emt 0:00:02]} 45. Ne7+ {[%emt 0:00:18]} Kf7 {[%emt 0:00:31]} 46. Nc8 {[%emt 0:01:23]} Nd3+ {[%emt 0:00:03]} 47. Kf5 {[%emt 0:05:26]} Nb4 {[%emt 0:02:11]} 48. a3 {[%emt 0:08:33]} Nc2 {[%emt 0:00:18]} 49. a4 {[%emt 0:01:01]} Ne3+ {[%emt 0:01:39]} 50. Kf4 {[%emt 0:03:55]} Nd5+ {[%emt 0:01:02]} 51. Ke5 {[%emt 0:00:09]} Nc3 {[%emt 0:00:04]} 52. Nxa7 {[%emt 0:00:39]} Nxa4 {[%emt 0:00:19]} 53. Nc8 {[%emt 0:01:19]} Nc3 {[%emt 0:02:08]} 54. Nd6+ {[%emt 0:00:48]} Kg6 {[%emt 0:02:10]} 55. Kd4 {[%emt 0:02:54]} Na4 {[%emt 0:05:14]} 56. Kd5 {[%emt 0:01:59]} Kf6 {[%emt 0:00:26]} 57. Nc4 {[%emt 0:01:56]} Nc3+ {[%emt 0:01:22]} 58. Kc6 {[%emt 0:00:14]} Ke6 {[%emt 0:00:34]} 59. Nxb6 {[%emt 0:01:31]} Nxb5 {[%emt 0:01:20]} 60. Kxb5 {[%emt 0:00:19]} Ke5 {[%emt 0:00:01]} 61. Nd7+ {[%emt 0:01:40]} Kf4 {[%emt 0:00:19]} 62. Nf6 {[%emt 0:00:05]} Kg3 {[%emt 0:00:04]} 63. g5 {[%emt 0:00:40]} 1-0

[Event "BAN-chT Golden Jubilee 2021-22"]
[Site "Dhaka"]
[Date "2022.03.18"]
[Round "9.14"]
[White "Bharath Subramaniyam H"]
[Black "Harsha Bharathakoti"]
[Result "0-1"]
[WhiteElo "2508"]
[BlackElo "2499"]
[Annotator "TA"]
[PlyCount "136"]
[EventDate "2022.03.10"]
[EventType "team-tourn"]
[EventCountry "BAN"]
[SourceTitle "playchess.com"]
[Source "ChessBase"]
[SourceQuality "1"]

{[%evp 18,136,22,16,49,19,24,12,21,0,0,0,0,-3,-2,-15,7,-6,0,0,0,0,0,0,0,-8,0,-25,-3,-135,-50,-35,-50,-32,-21,-116,0,0,0,-58,-46,-72,-44,-70,-71,-65,-63,-65,-56,-80,-52,-70,-61,-64,-81,-129,-131,-135,-129,-119,-112,-122,-127,-119,-110,-129,-89,-122,-119,-220,-158,-160,-163,-169,-170,-169,-171,-145,-120,-128,-120,-106,-119,-105,-81,-305,-289,-267,-68,-566,-589,-588,-562,-718,-772,-752,-742,-636,-105,-103,-226,-202,-203,-196,-12,-12799,-12797,-6411,-6296,-5351,-5336,-3416,-1707,-29990,-29991,-29991,-29992,-29993,-29994,-29994,-29993]} 1. b3 Nf6 2. Bb2 g6 3. Nf3 Bg7 4. g3 O-O 5. Bg2 c5 6. c4 d6 7. O-O e5 8. d3 Nc6 9. Nc3 h6 10. Nd2 {[#]} h5 $146 {[%cal Oh5h4] A38: Symmetrical English vs ...g6: 4 Bg2 Bg7 5 Nf3 Nf6.} ({Predecessor:} 10... Bg4 11. Nde4 Qd7 12. Qd2 Ne8 13. Nd5 Be6 14. e3 f5 15. Nec3 Kh7 16. a3 Rc8 17. b4 b6 18. b5 {½-½ (36) Artemiev,V (2699)-Radjabov,T (2763) chess24.com INT 2021}) 11. Nf3 a6 12. e3 Rb8 {The position is equal.} 13. h4 b5 14. Ng5 Ne7 15. Qe2 Bb7 16. Nge4 {aiming for Nxf6+.} Qd7 17. Rad1 Ng4 18. Bh3 Qc6 19. Bg2 {[%cal Oe4f6] Black must now prevent Nf6+!} (19. Bxg4 hxg4 20. f3 (20. Qxg4 f5 $17) 20... b4 $17) 19... Kh8 20. f3 Nh6 21. Qf2 Rbd8 22. Rc1 Qb6 23. Ne2 (23. a3 $11 {remains equal.}) 23... d5 (23... bxc4 $1 $17 {Strongly threatening ...d5.} 24. dxc4 Bxe4 25. fxe4 Ng4) 24. cxd5 $15 Rxd5 25. Rfd1 Rfd8 26. Bf1 (26. N2c3 $1 $11 R5d7 27. Ba3) 26... b4 (26... Rxd3 $17 27. Rxd3 Rxd3) 27. Rc2 Nef5 28. Rcd2 ({White should try} 28. Nc1 $1 $11) 28... R5d7 29. Bh3 a5 (29... Bxe4 $5 30. fxe4 Nd6 $11) 30. Nc1 Rc7 31. Re1 Nd6 32. Nxd6 Rxd6 33. Red1 Qc6 34. Bg2 Nf5 35. Kh2 a4 {[%cal Ba5a4,Ba4a3][%mdl 32]} 36. Bh1 (36. bxa4 $142 Qxa4 37. Bh3) 36... a3 37. Ba1 Qb6 38. Bg2 Rcd7 {Black is much more active. White has bad knights.} 39. Bh3 Rd8 $1 {[%cal Oc5c4]} 40. Re1 Ne7 {[%cal Bf5e7,Be7d5,Bd5c7,Bc7e6][%mdl 32]} 41. Red1 Kg8 42. Bg2 Nd5 43. Kg1 (43. e4 $17 Nf6 44. Bh3) 43... Nc7 44. Rf1 Ne6 45. Bh3 Ba6 {[%cal Ra6d3]} 46. Rfd1 f5 47. Kh2 Qc7 48. e4 fxe4 49. dxe4 Nd4 $36 {[%mdl 2048] Keeping White busy.} 50. Bxd4 Rxd4 (50... exd4 51. f4 $11) 51. Be6+ $2 (51. Rxd4 $17 cxd4 52. Nd3) 51... Kh7 $19 52. Rxd4 Rxd4 (52... exd4 53. Nd3 $11) (52... cxd4 $19 53. Nd3 Qc3) 53. Rxd4 $4 {[%mdl 8192]} (53. Qc2 $15) 53... cxd4 (53... exd4 54. f4 $17) 54. Bc4 Bxc4 55. Qc2 {[#]} Qf7 56. bxc4 Qxf3 {And now ...Bh6 would win.} 57. c5 d3 $2 ({Not} 57... Qc3 58. Qxc3 dxc3 59. c6 $18) (57... Bh6 $19 {Threatens to win with ...Bxc1.} 58. c6 Be3) 58. Nxd3 $17 Qxe4 59. c6 {[%cal Od3b4]} b3 60. Qxb3 {Hoping for Qc2.} Qxc6 (60... Qe2+ $1 $19 61. Kh3 (61. Kg1 $2 Qe3+ 62. Kh1 e4 $19) 61... Qf3) 61. Qxa3 $2 {[%mdl 8192]} (61. Nf2 $11) 61... Qc2+ $19 62. Kh3 {[#]} Qd1 $1 {[%cal Rd1h1]} 63. Kg2 {[#] Inhibits Qh1+.} Qe2+ $1 ({And not} 63... e4 64. Nf4 $11) 64. Nf2 e4 {[%cal Be5e4,Be4e3][%mdl 32] ( -> ...e3)} 65. Qa8 Qf3+ {Black mates.} 66. Kh3 Be5 {[%csl Ge5][%cal Rf3g3]} 67. Qb7+ Kh6 {[%csl Ge5][%cal Rf3g3]} 68. Qb3 e3 {Weighted Error Value: White=0.43/Black=0.32} 0-1

[Event "BAN-chT Golden Jubilee 2021-22"]
[Site "Dhaka"]
[Date "2022.03.18"]
[Round "9.15"]
[White "Mendonca, Leon Luke"]
[Black "Nitish Belurkar"]
[Result "1/2-1/2"]
[WhiteElo "2536"]
[BlackElo "2447"]
[Annotator "TA"]
[PlyCount "99"]
[EventDate "2022.03.10"]
[EventType "team-tourn"]
[EventCountry "BAN"]
[SourceTitle "playchess.com"]
[Source "ChessBase"]
[SourceQuality "1"]

{[%evp 9,99,24,28,11,15,17,18,4,17,25,17,10,15,14,15,12,19,17,19,0,0,7,24,0,7,7,4,11,10,10,12,11,4,8,6,6,7,7,3,0,0,-16,8,8,8,8,8,6,13,0,0,0,0,0,2,2,2,2,3,2,3,2,2,2,2,2,2,2,3,2,2,2,8,0,0,0,0,0,5,0,0,0,0,0,0,0,0,0,0,-28000,-28000,-28000]} 1. Nf3 Nf6 2. c4 e6 {[%cal Be7e6,Be6d5,Bd5d4][%mdl 32]} 3. b3 d5 4. Bb2 c5 5. cxd5 exd5 6. g3 {A13: English Opening: 1...e6.} Nc6 7. Bg2 d4 8. O-O {The position is equal.} Be7 9. Na3 O-O 10. Nc4 Be6 11. e3 dxe3 12. dxe3 Qxd1 {[#]} 13. Rfxd1 $146 ({Predecessor:} 13. Raxd1 Rad8 14. Ng5 Bxc4 15. bxc4 Nd7 16. Bxc6 bxc6 17. Nf3 Nb6 18. Rc1 Na4 19. Ba1 {½-½ (48) Cumming,D (2357)-Rets,Y (2213) ICCF email 2018}) 13... Rad8 14. Nfe5 Nxe5 15. Bxe5 b6 {To avoid Na5} 16. h3 Rxd1+ 17. Rxd1 Rd8 18. Rxd8+ Bxd8 19. f4 Nd7 20. Bd6 b5 21. Na3 c4 22. Nxb5 cxb3 23. axb3 Bxb3 24. Bc6 Nf6 25. e4 {[%cal Be3e4,Be4e5][%mdl 32]} Ba4 {[%cal Of6e4]} 26. e5 Bxb5 27. Bxb5 $11 {[%mdl 4096] Endgame KBB-KBN} Ne4 28. Bb8 Nxg3 29. Kg2 Nh5 30. Kf3 ({Much weaker is} 30. Bxa7 Nxf4+ 31. Kg3 Ng6 $17) 30... a5 31. f5 g6 32. f6 Nxf6 33. exf6 Bxf6 34. Ba4 Kg7 35. Bb3 h5 36. Bc7 Bc3 37. Bd8 f6 38. Ke4 Kh6 39. Kd3 Be5 40. Bxa5 g5 41. Be1 f5 42. Kc4 {[#] Strongly threatening Kd5.} h4 43. Kd5 Bb2 44. Bd2 Kg6 45. Bc2 {Threatens to win with Ke6.} Kf6 46. Ba5 {[#] aiming for Bd8+.} g4 47. Bd8+ Kg7 48. Bxf5 gxh3 49. Bxh3 $2 {[%mdl 8192]} (49. Be4 $11) 49... Bf6 50. Bxf6+ {[%mdl 32768] Weighted Error Value: White=0.19 (very precise) /Black=0.02 (flawless) . An unexpected result.} 1/2-1/2

[Event "BAN-chT Golden Jubilee 2021-22"]
[Site "Dhaka"]
[Date "2022.03.18"]
[Round "9.16"]
[White "Ikramul, Haq Siam"]
[Black "Masum, Hossain"]
[Result "1/2-1/2"]
[WhiteElo "2075"]
[BlackElo "2003"]
[Annotator "ChessBase"]
[PlyCount "52"]
[EventDate "2022.03.10"]
[EventType "team-tourn"]
[EventCountry "BAN"]
[SourceTitle "playchess.com"]
[Source "ChessBase"]
[SourceQuality "1"]
[TimeControl "40/5400+30:1800+30"]

1. d4 {[%emt 0:00:04]} e6 {[%emt 0:00:01]} 2. Nf3 {[%emt 0:00:35]} d5 {[%emt 0:00:09]} 3. c4 {[%emt 0:00:36]} dxc4 {[%emt 0:00:29]} 4. Nc3 {[%emt 0:00:31]} a6 {[%emt 0:00:08]} 5. a4 {[%emt 0:00:11]} Nc6 {[%emt 0:01:51]} 6. e3 {[%emt 0:02:15]} Na5 {[%emt 0:00:25]} 7. Nd2 {[%emt 0:00:51]} Bb4 {[%emt 0:04:48]} 8. Nxc4 {[%emt 0:00:53]} c5 {[%emt 0:00:47]} 9. dxc5 {[%emt 0:17:06]} Qxd1+ {[%emt 0:01:20]} 10. Kxd1 {[%emt 0:00:30]} Nxc4 {[%emt 0:00:33]} 11. Bxc4 {[%emt 0:00:00]} Bxc5 {[%emt 0:01:12]} 12. Ke2 {[%emt 0:03:37]} Nf6 {[%emt 0:00:43]} 13. e4 {[%emt 0:01:06]} b6 {[%emt 0:09:54]} 14. Be3 {[%emt 0:36:44]} Bxe3 {[%emt 0:02:50]} 15. Kxe3 {[%emt 0:04:39]} Bb7 {[%emt 0:00:07]} 16. Rhd1 {[%emt 0:02:03]} Rc8 {[%emt 0:00:28]} 17. b3 {[%emt 0:01:31]} Ke7 {[%emt 0:01:08]} 18. f3 {[%emt 0:00:23]} Rhd8 {[%emt 0:00:12]} 19. Rxd8 {[%emt 0:07:13]} Rxd8 {[%emt 0:01:52]} 20. Rd1 {[%emt 0:00:27]} Rxd1 {[%emt 0:00:25]} 21. Nxd1 {[%emt 0:00:04]} Nd7 {[%emt 0:01:04]} 22. Nb2 {[%emt 0:02:12]} Ne5 {[%emt 0:04:04]} 23. Kd4 {[%emt 0:00:20]} Nd7 {[%emt 0:00:02]} 24. Ke3 {[%emt 0:00:07]} Ne5 {[%emt 0:00:04]} 25. Kd4 {[%emt 0:00:06]} Nd7 {[%emt 0:00:07]} 26. Ke3 {[%emt 0:00:19]} Ne5 {[%emt 1:08:47]} 1/2-1/2

[Event "BAN-chT Golden Jubilee 2021-22"]
[Site "Dhaka"]
[Date "2022.03.18"]
[Round "9.17"]
[White "Rahman, Syed Mahfuzur"]
[Black "Sadnan Hasan, Dihan"]
[Result "1-0"]
[WhiteElo "2099"]
[BlackElo "2152"]
[Annotator "ChessBase"]
[PlyCount "122"]
[EventDate "2022.03.10"]
[EventType "team-tourn"]
[EventCountry "BAN"]
[SourceTitle "playchess.com"]
[Source "ChessBase"]
[SourceQuality "1"]
[TimeControl "40/5400+30:1800+30"]

1. d4 {[%emt 0:04:57]} d6 {[%emt 0:00:01]} 2. c4 {[%emt 0:00:41]} g6 {[%emt 0:00:07]} 3. Nc3 {[%emt 0:00:07]} Bg7 {[%emt 0:00:05]} 4. Nf3 {[%emt 0:01:56]} e6 {[%emt 0:00:02]} 5. e4 {[%emt 0:03:30]} Ne7 {[%emt 0:00:02]} 6. Be2 {[%emt 0:04:57]} a6 {[%emt 0:00:24]} 7. O-O {[%emt 0:06:34]} Nd7 {[%emt 0:00:02]} 8. Re1 {[%emt 0:04:28]} b6 {[%emt 0:00:18]} 9. a4 {[%emt 0:01:35]} a5 {[%emt 0:01:06]} 10. Bg5 {[%emt 0:01:31]} h6 {[%emt 0:00:08]} 11. Be3 {[%emt 0:00:25]} Bb7 {[%emt 0:00:04]} 12. Qd2 {[%emt 0:02:59]} Kf8 {[%emt 0:02:03]} 13. Rad1 {[%emt 0:01:41]} Qc8 {[%emt 0:01:38]} 14. h3 {[%emt 0:03:39]} Kg8 {[%emt 0:02:57]} 15. h4 {[%emt 0:09:11]} Kh7 {[%emt 0:01:35]} 16. h5 {[%emt 0:00:18]} g5 {[%emt 0:05:22]} 17. Nh2 {[%emt 0:23:54]} Rd8 {[%emt 0:01:57]} 18. f4 {[%emt 0:00:38]} gxf4 {[%emt 0:00:46]} 19. Bxf4 {[%emt 0:00:05]} e5 {[%emt 0:00:13]} 20. dxe5 {[%emt 0:05:25]} dxe5 {[%emt 0:01:37]} 21. Bg4 {[%emt 0:02:48]} Bc6 {[%emt 0:01:53]} 22. Nd5 {[%emt 0:02:13]} Bxd5 {[%emt 0:03:10]} 23. exd5 {[%emt 0:01:56]} f5 {[%emt 0:00:05]} 24. Qc2 {[%emt 0:01:21]} Rf8 {[%emt 0:01:33]} 25. Nf3 {[%emt 0:03:47]} Kg8 {[%emt 0:03:29]} 26. Bh3 {[%emt 0:00:59]} e4 {[%emt 0:04:16]} 27. Qd2 {[%emt 0:01:09]} Rf6 {[%emt 0:01:55]} 28. d6 {[%emt 0:02:36]} cxd6 {[%emt 0:00:46]} 29. Bxd6 {[%emt 0:00:16]} Rxd6 {[%emt 0:05:02]} 30. Qxd6 {[%emt 0:00:03]} Qc5+ {[%emt 0:00:04]} 31. Kh1 {[%emt 0:01:40]} Qxd6 {[%emt 0:00:41]} 32. Rxd6 {[%emt 0:00:03]} Nc5 {[%emt 0:00:32]} 33. Nd2 {[%emt 0:08:13]} Nxa4 {[%emt 0:01:18]} 34. b3 {[%emt 0:01:22]} Nc5 {[%emt 0:00:04]} 35. Rxb6 {[%emt 0:00:10]} Bc3 {[%emt 0:00:17]} 36. Re2 {[%emt 0:00:36]} Rd8 {[%emt 0:00:09]} 37. Nf1 {[%emt 0:00:18]} Rd1 {[%emt 0:00:20]} 38. g3 {[%emt 0:00:11]} Rb1 {[%emt 0:02:22]} 39. Kg2 {[%emt 0:00:43]} a4 {[%emt 0:07:19]} 40. Ne3 {[%emt 0:00:00]} Rxb3 {[%emt 0:00:00]} 41. Rb5 {[%emt 0:17:01]} Ne6 {[%emt 0:08:26]} 42. Ra2 {[%emt 0:08:13]} Nd4 {[%emt 0:00:34]} 43. Re5 {[%emt 0:00:45]} Nec6 {[%emt 0:00:19]} 44. Re8+ {[%emt 0:03:08]} Kf7 {[%emt 0:00:01]} 45. Ra8 {[%emt 0:00:06]} Bb4 {[%emt 0:06:07]} 46. Nxf5 {[%emt 0:00:35]} a3 {[%emt 0:00:35]} 47. Rf2 {[%emt 0:01:50]} Nf3 {[%emt 0:04:10]} 48. Bg4 {[%emt 0:00:39]} Nce5 {[%emt 0:00:24]} 49. Nd4 {[%emt 0:00:36]} Nxg4 {[%emt 0:19:14]} 50. Nxb3 {[%emt 0:00:20]} Ne3+ {[%emt 0:00:09]} 51. Kh1 {[%emt 0:02:30]} Ng4 {[%emt 0:02:58]} 52. Re2 {[%emt 0:00:17]} e3 {[%emt 0:02:14]} 53. Ra4 {[%emt 0:00:57]} Bf8 {[%emt 0:02:27]} 54. c5 {[%emt 0:00:23]} Nfe5 {[%emt 0:01:42]} 55. Rxa3 {[%emt 0:00:33]} Ke6 {[%emt 0:00:33]} 56. Ra8 {[%emt 0:00:41]} Be7 {[%emt 0:00:06]} 57. Re8 {[%emt 0:00:54]} Kd7 {[%emt 0:00:36]} 58. Ra8 {[%emt 0:00:10]} Ke6 {[%emt 0:00:04]} 59. Nd4+ {[%emt 0:00:52]} Kd5 {[%emt 0:00:01]} 60. c6 {[%emt 0:00:26]} Bd6 {[%emt 0:00:48]} 61. Nf5 {[%emt 0:00:15]} Be7 {[%emt 0:43:50]} 1-0

[Event "BAN-chT Golden Jubilee 2021-22"]
[Site "Dhaka"]
[Date "2022.03.18"]
[Round "9.18"]
[White "Sankalp Gupta"]
[Black "Panesar Vedant"]
[Result "1/2-1/2"]
[WhiteElo "2536"]
[BlackElo "2379"]
[Annotator "TA"]
[PlyCount "67"]
[EventDate "2022.03.10"]
[EventType "team-tourn"]
[EventCountry "BAN"]
[SourceTitle "playchess.com"]
[Source "ChessBase"]
[SourceQuality "1"]

{[%evp 11,67,10,20,18,26,19,23,13,13,5,1,0,18,0,0,-16,0,-20,-18,-56,0,0,0,0,0,-30,-18,-44,-17,-44,-8,-47,-17,-52,-42,-50,-46,-95,0,0,0,0,0,0,0,0,0,0,0,0,0,0,0,0,0,0,0,0]} 1. e4 e5 2. Nf3 Nc6 3. Bc4 Bc5 4. c3 Nf6 5. d3 d6 6. O-O a6 7. a4 {C54: Giuoco Piano: 4 c3 Nf6, main lines with 5 d4 and 5 d3.} Ba7 8. Re1 h6 9. b4 {White has an edge.} O-O 10. h3 Ne7 11. Nbd2 Ng6 {[%cal Oc8h3]} 12. Nf1 {now supersedes 12.d4.} c6 13. Bb3 d5 14. Qc2 Re8 {[#]} 15. Be3 $146 (15. a5 {keeps more tension.} Be6 16. c4 Qd7 17. Kh2 Rac8 18. Ba4) ({Predecessor:} 15. Ng3 Be6 16. exd5 Bxd5 17. Ne4 Nxe4 18. dxe4 Bxb3 19. Qxb3 Qf6 20. Be3 Bxe3 21. Rxe3 Nf4 22. Kh2 Rad8 {½-½ (22) Smaga,A (1870)-Herzog,A (1764) LSS email 2016}) 15... Be6 ({Black should try} 15... Bxe3 $15 16. Nxe3 Be6) 16. Bxa7 $11 Rxa7 17. exd5 Bxd5 18. Bxd5 Nxd5 19. Ne3 Ra8 (19... Ndf4 $5 {[%cal Rf4d3]}) 20. a5 Qc7 21. Nc4 Rad8 (21... Ndf4 {is interesting.} 22. d4 exd4 23. Nxd4 c5 24. Nf5 Rad8) 22. Rad1 Re7 23. g3 Qc8 {White must now prevent ...Qf5.} 24. Ncxe5 {[#]} (24. Nfxe5 $15 {should be considered.} Nxe5 25. Nxe5) 24... Nxe5 ({Don't play} 24... Qxh3 25. Nxg6 Rxe1+ 26. Rxe1 $14) (24... Ngf4 $1 $17 {[%cal Oc8h3]} 25. gxf4 Qxh3) 25. Nxe5 {The position is equal.} Qxh3 26. d4 Rde8 27. Qd2 Nf6 28. c4 Qf5 29. Qd3 Qxd3 30. Nxd3 Rxe1+ 31. Rxe1 Rxe1+ 32. Nxe1 Ne4 33. Nd3 Nd6 34. Nc5 {Weighted Error Value: White=0.11 (very precise) /Black=0.10 (very precise)} 1/2-1/2